| 000 | 00000nas 2200000zi 4500 |
| 001 | 9.869731 |
| 003 | CaOODSP |
| 005 | 20250313134657 |
| 006 | m o d f |
| 007 | cr cn |||||||| |
| 008 | 190312c20179999qucar p|o f0###a0eng|d |
| 022 | |a2562-4903 |
| 040 | |aCaOODSP|beng|erda|cCaOODSP |
| 043 | |an-cn--- |
| 086 | 1 |aEn81-30E-PDF |
| 222 | 0|aCanada's air pollutant emissions inventory report ... |
| 245 | 00|aCanada’s air pollutant emissions inventory report. |
| 264 | 1|aGatineau, QC : |bEnvironment and Climate Change Canada = Environnement et Changement climatique Canada,|c2019- |
| 310 | |aAnnual |
| 336 | |atext|btxt|2rdacontent |
| 337 | |acomputer|bc|2rdamedia |
| 338 | |aonline resource|bcr|2rdacarrier |
| 362 | 1 |aBegan with: 1990/2017. |
| 500 | |aIssued also in French under title: Rapport d’inventaire des émissions de polluants atmosphériques du Canada. |
| 650 | 0|aAir|xPollution|zCanada|vStatistics|vPeriodicals. |
| 650 | 0|aAir quality|zCanada|vPeriodicals. |
| 650 | 0|aEnvironmental monitoring|zCanada|vPeriodicals. |
| 710 | 1 |aCanada. |bEnvironment and Climate Change Canada. |
| 775 | 08|tRapport d’inventaire des émissions de polluants atmosphériques du Canada ... |w(CaOODSP)9.869737 |
| 780 | 00|tAir pollutant emission inventory report |w(CaOODSP)9.810709 |